| 000 -LEADER |
| fixed length control field |
00644nam a22002297a 4500 |
| 005 - DATE AND TIME OF LATEST TRANSACTION |
| control field |
20241220135334.0 |
| 008 - FIXED-LENGTH DATA ELEMENTS--GENERAL INFORMATION |
| fixed length control field |
241220b2022 ge ||||| |||| 00| 0 eng d |
| 020 ## - INTERNATIONAL STANDARD BOOK NUMBER |
| International Standard Book Number |
9788131262115 |
| 040 ## - CATALOGING SOURCE |
| Original cataloging agency |
DLC |
| Transcribing agency |
DLC |
| 041 ## - LANGUAGE CODE |
| Language code of text/sound track or separate title |
eng |
| 080 ## - UNIVERSAL DECIMAL CLASSIFICATION NUMBER |
| Universal Decimal Classification number |
616 |
| Item number |
K-91 |
| 100 ## - MAIN ENTRY--PERSONAL NAME |
| 9 (RLIN) |
223 |
| Personal name |
Kumar,Vinary |
| 245 ## - TITLE STATEMENT |
| Title |
Robbins and Cotran pathologic basis of disease |
| Remainder of title |
2 V |
| Statement of responsibility, etc. |
Abul K. Abbas, MBBs, Jon C. Aster, MD, PHD, Jerold R, Turner, MD, PHD |
| 250 ## - EDITION STATEMENT |
| Edition statement |
10th edition |
| 260 ## - PUBLICATION, DISTRIBUTION, ETC. |
| Place of publication, distribution, etc. |
Chicago |
| Name of publisher, distributor, etc. |
elsevier |
| Date of publication, distribution, etc. |
2022 |
| 300 ## - PHYSICAL DESCRIPTION |
| Extent |
1356 p. |
| Other physical details |
ill |
| 490 ## - SERIES STATEMENT |
| Volume/sequential designation |
volume 2 |
| 650 ## - SUBJECT ADDED ENTRY--TOPICAL TERM |
| Source of heading or term |
pathologia |
| 653 ## - INDEX TERM--UNCONTROLLED |
| Uncontrolled term |
pathologia |
| 700 ## - ADDED ENTRY--PERSONAL NAME |
| 9 (RLIN) |
8 |
| Personal name |
Abbas, K. Abul |
| 942 ## - ADDED ENTRY ELEMENTS (KOHA) |
| Source of classification or shelving scheme |
|
| Koha item type |
Books |